Ibong adarna / (Record no. 109779)
[ view plain ]
| 000 -LEADER | |
|---|---|
| fixed length control field | 00352nam a2200133 a 4500 |
| 005 - DATE AND TIME OF LATEST TRANSACTION | |
| control field | 20140414093849.0 |
| 008 - FIXED-LENGTH DATA ELEMENTS--GENERAL INFORMATION | |
| fixed length control field | 110811s19uu xx 00 eng d |
| 050 ## - LIBRARY OF CONGRESS CALL NUMBER | |
| Classification number | CDR 899 |
| Item number | IBO 2008 |
| 100 ## - MAIN ENTRY--PERSONAL NAME | |
| Personal name | Cruz, Emerlinda |
| 245 ## - TITLE STATEMENT | |
| Title | Ibong adarna / |
| Statement of responsibility, etc | Emerlinda Cruz. |
| 260 ## - PUBLICATION, DISTRIBUTION, ETC. (IMPRINT) | |
| Place of publication, distribution, etc | Quezon City, Philippines : |
| Name of publisher, distributor, etc | C&E, |
| Date of publication, distribution, etc | 2008. |
| 942 ## - ADDED ENTRY ELEMENTS (KOHA) | |
| Koha item type | Audio Visual Materials |
| Withdrawn status | Lost status | Damaged status | Home library | Current library | Shelving location | Date acquired | Total Checkouts | Full call number | Barcode | Date last seen | Price effective from | Koha item type |
|---|---|---|---|---|---|---|---|---|---|---|---|---|
| Luxembourg Library | Luxembourg Library | Audio Visual Material Section | 08/11/2011 | CDR 899 IBO 2008 | AV1448 | 04/14/2014 | 04/14/2014 | Audio Visual Materials |